Estatísticas para Maiores Ilhas no Mapa do Mundo

Clique aqui para jogar o quiz

Estatísticas Gerais

  • Esse quiz foi jogado 1 184 vezes
  • A pontuação média é 10 de 26

Respostas no mapa

Respostas codificadas por cores de uma escala verde-vermelha no mapa do quiz de acordo com a % correta abaixo.
Carregando ...
 

Estatísticas das Respostas

#Ilha% Correto
1Groelândia
91%
4Madagascar
91%
18Islândia
83%
17Cuba
81%
20Irlanda
77%
25Sri Lanka
62%
9Grã-Bretanha
54%
26Tasmânia
45%
2Nova Guiné
34%
3Bornéu
31%
13Java
31%
6Sumatra
30%
21Hokkaido
27%
22Ilha de São Domingos
27%
16Terra Nova
24%
7Honshu
23%
14Ilha Norte
19%
12Ilha Sul
19%
5Ilha de Baffin
18%
15Luzon
17%
8Ilha Victoria
16%
11Celebes
15%
19Mindanao
15%
10Ilha de Ellesmere
14%
23Sacalina
14%
24Ilha Banks
12%

Distribuição das Pontuações

Percentil de Números Respondidos

Porcentagem de Pessoas com Cada Pontuação

Sua Pontuação Histórica

Você não jogou esse quiz